MARC

LEADER 00000nam0a2200000 4500
001 188086
005 20231031174657.0
035 |a (RuTPU)RU\TPU\book\204222 
090 |a 188086 
100 |a 20101201d1971 m y0rusy50 ca 
101 0 |a rus 
102 |a RU 
105 |a a z 001zy 
200 1 |a Вентильные разрядники высокого напряжения  |f Д. В. Шишман [и др.] 
210 |a Ленинград  |c Энергия  |d 1971 
215 |a 260 с.  |c ил. 
320 |a Библиогр.: с. 250-259. 
610 1 |a вентильные разрядники 
610 1 |a переменный ток 
610 1 |a характеристики 
610 1 |a конструкции 
610 1 |a сопротивления 
610 1 |a эксплуатация 
675 |a 621.316.933  |v 3 
701 1 |a Шишман  |b Д. В.  |g Дмитрий Вениаминович 
701 1 |a Бронфман  |b А. И.  |g Арон Иосифович 
701 1 |a Пружинина  |b В. И.  |g Владимир Петрович 
701 1 |a Савельев  |b В. П.  |g Владимир Петрович 
801 1 |a RU  |b 63413507  |c 20101201 
801 2 |a RU  |b 63413507  |c 20110112  |g RCR 
942 |c BK